01018nam a2200253 u 45000010006000000050017000060080041000230350010000640350021000740410008000950820008001031100057001112450067001682600042002353000007002776500054002846500043003387000044003817870042004259420009004679990017004769520134004939520137006277741220260504071545.0960313s1937 spa  a77412 a(OCoLC)778211916 aspa 4a34620aColombia. Camara de Representantes4auteaut982879513aEl divorcio en Colombia : su tradición legislativa 1853-1937 aBogotá :bImprenta Nacional,c1937. aV. 7aDivorcioxLegislaciónzColombia2armarc9217292 aDivorcio - Colombia - Proyectos91488210aLozano L, Pedro Pablo4auteaut926570108iTítulo/uniformetLeyes, etc.w21066 cBOOK c25269d25269 001040708PAT. DOCUMaBCbBCd1998-05-18iC123513l0o346.2 C718d v1p61000002472799r2023-04-20 00:00:00t1w2023-04-20yBOOKI 001040708PAT. DOCUMaBCbBCd1998-07-07iC123514l0o346.2 C718d v1 e2p61000002472781r2023-04-20 00:00:00t2w2023-04-20yBOOKI